000 00859nas a2200253 4500
001 BR7602212
003 BR-BrBNA
005 20231205082958.0
007 ta
008 230509b bl.|||p| |||| 00| 00por d
040 _aBR-BrBNA
_bpor
_cBiblioteca Nacional de Agricultura
041 _a(Pt)
072 _aS10
100 1 _aGraner, C.A.F. (Fculdade de Ciencias Medicas e Biologicas de Botucatu, SP (Brazil)) Meira, D.R.
100 1 _aMucciolo, P.
245 1 _aDeterminacao do teor de fosforo em produtos carneos. 1- metodo para dosagem do fosforo
650 _aComposicao de alimento
650 _aCarne tratada
650 _aMacroelemento
650 _aFosforo
773 0 _tRevista do Instituto Adolfo Lutz (Brazil)
_xISSN 0073-9855
_g(1975-1976), v. 35-36 p. 55-62
_wBR7602212
909 _a202311
_bLúcia
_c55
_dLúcia Elande
942 _2AGRIS
_n0
_cANA
999 _c95517
_d95517